00548nam a2200181Ia 4500008004100000020002100041040001900062041001200081082003100093100002100124245004300145250001100188260005800199300002200257504003600279650002700315850002400342131103s9999 xx 000 0 und d a70534772cRs 199 aLoreto College aEnglish a005.13(C)/BALbLCLIB/45761 aBalagurusamy, E. aProgramming in ANSI CcE. Balagurusamy a3rd ed aNew DelhibTata McGraw-Hill Publishing Co. Ltd.c2004 axiv,493p c 24 cm aIncludes bibliography and index aC Programming Language aLCLIB/005.13(C)/BAL